[Event "HUN-chT2 Maroczy 0001"]
[Site "Hungary"]
[Date "2001.04.08"]
[Round "10"]
[White "Boros, Daniel"]
[Black "Mann, Gerald"]
[Result "1-0"]
[WhiteElo "2389"]
[BlackElo "2237"]
[PlyCount "55"]
[EventDate "2000.11.26"]
[EventType "team"]
[EventRounds "11"]
[EventCountry "HUN"]
[SourceTitle "EXT 2007"]
[Source "ChessBase"]
[SourceDate "2006.11.23"]
[SourceVersion "1"]
[SourceVersionDate "2006.11.23"]
[SourceQuality "1"]
[WhiteTeam "Budapest Matador"]
[BlackTeam "Kecskemet Szechenyi"]
[WhiteTeamCountry "HUN"]
[BlackTeamCountry "HUN"]

1. e4 d6 2. d4 Nf6 3. Nc3 c6 4. Nf3 Bg4 5. h3 Bh5 6. Be3 e6 7. Qd2 Be7 8. Bd3 d5 9. Ne5 Bb4 10. exd5 Nxd5 11. a3 Nxe3 12. Qxe3 Be7 13. g4 Bg6 14. 0-0-0 Nd7 15. f4 Nxe5 16. dxe5 Qa5 17. f5 exf5 18. gxf5 Bh5 19. Be2 Bxe2 20. Nxe2 g6 21. f6 Bc5 22. Qf4 Rd8 23. Rxd8+ Kxd8 24. e6 Kc8 25. e7 Qc7 26. Qe4 Re8 27. Rd1 h5 28. Qc4 1-0

[Event "HUN-chT 9899"]
[Site "Hungary"]
[Date "1999.??.??"]
[Round "?"]
[White "Hoang, Thanh Trang"]
[Black "Mann, Gerald"]
[Result "1-0"]
[WhiteElo "2350"]
[BlackElo "2250"]
[PlyCount "83"]
[EventDate "1998.??.??"]
[EventType "team"]
[EventRounds "12"]
[EventCountry "HUN"]
[SourceTitle "EXT 2000"]
[Source "ChessBase"]
[SourceDate "1999.11.16"]
[SourceVersion "1"]
[SourceVersionDate "1999.11.16"]
[SourceQuality "1"]

1. d4 d5 2. c4 c6 3. Nf3 Nf6 4. cxd5 cxd5 5. Nc3 Nc6 6. Bf4 a6 7. e3 Bg4 8. Be2 e6 9. 0-0 Bd6 10. Bxd6 Qxd6 11. Rc1 0-0 12. Na4 Bxf3 13. Bxf3 e5 14. dxe5 Nxe5 15. Be2 Rac8 16. Qd4 Rfe8 17. Rfd1 Rc6 18. Rxc6 Nxc6 19. Qc5 Qe5 20. Bf3 Ne7 21. Qb6 Rb8 22. Nc5 Ng6 23. Nd3 Qf5 24. Qd6 Re8 25. Nb4 Nh4 26. Bxd5 a5 27. g3 Qg4 28. Bxb7 axb4 29. h3 Qg5 30. Qxb4 Ng6 31. a4 Qh5 32. Rd4 Qxh3 33. a5 Ne5 34. a6 Nfg4 35. Qd2 Nh2 36. Qe2 Nhg4 37. a7 Qh2+ 38. Kf1 Qh3+ 39. Bg2 Qh5 40. a8Q Rxa8 41. Bxa8 Nh2+ 42. Kg2 1-0

[Event "AUT-chT2O 9798"]
[Site "Austria"]
[Date "1998.03.12"]
[Round "12"]
[White "Voegel, Wolfgang"]
[Black "Mann, Gerald"]
[Result "1-0"]
[WhiteElo "2225"]
[BlackElo "2275"]
[PlyCount "120"]
[EventDate "1997.??.??"]
[EventType "team"]
[EventRounds "13"]
[EventCountry "AUT"]
[SourceTitle "EXT 1999"]
[Source "ChessBase"]
[SourceDate "1998.11.16"]
[SourceVersion "1"]
[SourceVersionDate "1998.11.16"]
[SourceQuality "1"]

1. d4 d5 2. c4 c6 3. Nf3 Nf6 4. e3 Bf5 5. Nc3 e6 6. Qb3 Qb6 7. c5 Qc7 8. Be2 h6 9. Qa4 Be7 10. b4 0-0 11. 0-0 b6 12. cxb6 Qxb6 13. Ba3 Nbd7 14. Rfc1 Rfb8 15. b5 Bxa3 16. Qxa3 cxb5 17. Bxb5 a6 18. Bf1 g5 19. Nd2 a5 20. Nb5 a4 21. Rc3 Ra5 22. Nd6 Bg6 23. Rc8+ Kg7 24. Rxb8 Nxb8 25. Nc8 Qc7 26. Rc1 Nc6 27. Qc3 Qxc8 28. Qxa5 Qb7 29. Qb5 Qxb5 30. Bxb5 Nb4 31. a3 Nc2 32. Bxa4 Nxa3 33. Rc3 Nb1 34. Nxb1 Bxb1 35. f3 h5 36. Kf2 Bf5 37. Bc2 Bxc2 38. Rxc2 Kg6 39. Rc7 Ne8 40. Rd7 Nf6 41. Re7 Ng8 42. Rb7 Nf6 43. Ke2 Kg7 44. Kd3 Kg6 45. e4 h4 46. Ke3 Kg7 47. e5 Nh5 48. Kf2 Nf4 49. g3 hxg3+ 50. hxg3 Ng6 51. Kg2 g4 52. f4 Kf8 53. f5 exf5 54. Rd7 f4 55. Rxd5 Ke7 56. Rd6 f3+ 57. Kf2 Nf8 58. Rf6 Nd7 59. Rf4 f6 60. Rxg4 fxe5 1-0

[Event "AUT-chT2O 9798"]
[Site "Austria"]
[Date "1998.03.11"]
[Round "11"]
[White "Eibersberger, Manfred"]
[Black "Mann, Gerald"]
[Result "1/2-1/2"]
[WhiteElo "2240"]
[BlackElo "2225"]
[PlyCount "67"]
[EventDate "1997.??.??"]
[EventType "team"]
[EventRounds "13"]
[EventCountry "AUT"]
[SourceTitle "EXT 1999"]
[Source "ChessBase"]
[SourceDate "1998.11.16"]
[SourceVersion "1"]
[SourceVersionDate "1998.11.16"]
[SourceQuality "1"]

1. Nf3 d5 2. g3 c6 3. Bg2 Bf5 4. 0-0 e6 5. b3 h6 6. Bb2 Nf6 7. d3 Be7 8. Nbd2 0-0 9. c4 a5 10. a3 Nbd7 11. Qc2 Bh7 12. Rfc1 Qb6 13. cxd5 exd5 14. Bd4 c5 15. Bb2 Rfe8 16. e4 Qa6 17. exd5 Bxd3 18. Qc3 Bf8 19. Ne1 Be2 20. Nc2 Ne5 21. Ne3 Nd3 22. Rc2 b5 23. Ne4 Nxe4 24. Bxe4 Rxe4 25. Rxe2 Ne5 26. Qc2 Nf3+ 27. Kg2 Nd4 28. Qxe4 Nxe2 29. Re1 b4 30. axb4 axb4 31. Nc4 Nc3 32. Bxc3 bxc3 33. Rc1 Qf6 34. Qf3 1/2-1/2

[Event "HUN-chT 9798"]
[Site "Hungary"]
[Date "1998.??.??"]
[Round "?"]
[White "Mann, Gerald"]
[Black "Hardicsay, Peter"]
[Result "1/2-1/2"]
[WhiteElo "2280"]
[BlackElo "2355"]
[PlyCount "85"]
[EventDate "1997.??.??"]
[EventType "team"]
[EventRounds "12"]
[EventCountry "HUN"]
[SourceTitle "EXT 2000"]
[Source "ChessBase"]
[SourceDate "1999.11.16"]
[SourceVersion "1"]
[SourceVersionDate "1999.11.16"]
[SourceQuality "1"]

1. d4 Nf6 2. c4 e6 3. Nf3 b6 4. g3 Ba6 5. b3 d5 6. cxd5 exd5 7. Bg2 Bb4+ 8. Bd2 Bd6 9. Nc3 0-0 10. Ne5 Bb7 11. Bg5 Bb4 12. Qd2 h6 13. Bxf6 Qxf6 14. a3 Bxc3 15. Qxc3 c5 16. Rd1 Rd8 17. Bf3 Na6 18. 0-0 cxd4 19. Qxd4 Nc5 20. b4 Ne6 21. Qb2 Rab8 22. Rd3 d4 23. Nc6 Bxc6 24. Bxc6 Rbc8 25. b5 Rd6 26. e3 Rcd8 27. Rfd1 g5 28. Qe2 Nc5 29. Rxd4 Rxd4 30. Rxd4 Rxd4 31. exd4 Qxd4 32. Qf3 Kg7 33. h3 Nd3 34. Qf5 Nc5 35. Kg2 Qc3 36. Bd5 Qf6 37. Qc2 Qe5 38. Qc4 Qf6 39. Bf3 Nd7 40. Bd5 Nc5 41. Qg4 Nd3 42. Qe2 Qd4 43. Be4 1/2-1/2

[Event "HUN-chT 9899"]
[Site "Hungary"]
[Date "1998.??.??"]
[Round "?"]
[White "Mann, Gerald"]
[Black "Sherzer, Alex"]
[Result "0-1"]
[WhiteElo "2250"]
[BlackElo "2470"]
[PlyCount "70"]
[EventDate "1998.??.??"]
[EventType "team"]
[EventRounds "12"]
[EventCountry "HUN"]
[SourceTitle "EXT 2000"]
[Source "ChessBase"]
[SourceDate "1999.11.16"]
[SourceVersion "1"]
[SourceVersionDate "1999.11.16"]
[SourceQuality "1"]

1. d4 Nf6 2. c4 e6 3. Nf3 b6 4. g3 Ba6 5. b3 b5 6. cxb5 Bxb5 7. Nc3 Bb4 8. Bd2 Bc6 9. Bg2 0-0 10. 0-0 a5 11. a3 Be7 12. Qc2 Bb7 13. Bf4 Na6 14. e4 d5 15. e5 Nd7 16. Nb5 c5 17. Rfc1 Qb6 18. Bf1 Rac8 19. Qb2 f6 20. Rc2 cxd4 21. Rxc8 Rxc8 22. Nbxd4 Nac5 23. Rc1 Rf8 24. Bb5 fxe5 25. Nxe5 Nxe5 26. Bxe5 Bf6 27. Bxf6 Rxf6 28. Bf1 Ne4 29. Rc2 e5 30. Nb5 Ng5 31. a4 Nf3+ 32. Kh1 Rh6 33. h3 Qe6 34. h4 Qg4 35. Rc7 Rxh4+ 0-1

[Event "HUN-chT 9798"]
[Site "Hungary"]
[Date "1998.??.??"]
[Round "?"]
[White "Meszaros, Gyorgy"]
[Black "Mann, Gerald"]
[Result "0-1"]
[WhiteElo "2195"]
[BlackElo "2280"]
[PlyCount "92"]
[EventDate "1997.??.??"]
[EventType "team"]
[EventRounds "12"]
[EventCountry "HUN"]
[SourceTitle "EXT 2000"]
[Source "ChessBase"]
[SourceDate "1999.11.16"]
[SourceVersion "1"]
[SourceVersionDate "1999.11.16"]
[SourceQuality "1"]

1. e4 c5 2. Nf3 Nc6 3. Bb5 g6 4. c3 Nf6 5. e5 Nd5 6. 0-0 Nc7 7. a4 Bg7 8. Re1 a6 9. Bf1 d6 10. exd6 Qxd6 11. Na3 Nd5 12. Nc4 Qc7 13. d4 cxd4 14. Nxd4 Nxd4 15. cxd4 Be6 16. a5 0-0 17. Ne5 Rad8 18. Bd2 Rd6 19. Rc1 Qb8 20. Qa4 Rfd8 21. g3 Bd7 22. Qb3 Be8 23. Bg2 e6 24. Bf1 Qa7 25. Rc5 Bf8 26. Rec1 Qb8 27. R5c2 Bg7 28. Rc5 b6 29. R5c2 b5 30. Rc5 Ne7 31. Be3 Nf5 32. Nc6 Bxc6 33. Rxc6 Nxd4 34. Bxd4 Bxd4 35. Rxd6 Qxd6 36. Qc2 Qe5 37. b3 Kg7 38. Bg2 Bb2 39. Rf1 b4 40. Bb7 Rd6 41. Bg2 Bc3 42. Rd1 Rxd1+ 43. Qxd1 Qxa5 44. Bf1 Qb6 45. Bc4 a5 46. Kg2 a4 0-1

[Event "HUN-chT 9798"]
[Site "Hungary"]
[Date "1998.??.??"]
[Round "?"]
[White "Zemerov, Vladimir"]
[Black "Mann, Gerald"]
[Result "1/2-1/2"]
[WhiteElo "2385"]
[BlackElo "2280"]
[PlyCount "86"]
[EventDate "1997.??.??"]
[EventType "team"]
[EventRounds "12"]
[EventCountry "HUN"]
[SourceTitle "EXT 2000"]
[Source "ChessBase"]
[SourceDate "1999.11.16"]
[SourceVersion "1"]
[SourceVersionDate "1999.11.16"]
[SourceQuality "1"]

1. Nf3 d5 2. g3 c6 3. Bg2 Bf5 4. 0-0 e6 5. d3 h6 6. e3 Nf6 7. Qe2 Be7 8. Nc3 0-0 9. e4 Bh7 10. e5 Nfd7 11. h4 b5 12. Bf4 b4 13. Nd1 Kh8 14. h5 c5 15. Ne3 Nc6 16. Ng4 Nb6 17. Rfd1 a5 18. a4 bxa3 19. Rxa3 a4 20. Raa1 Rc8 21. c3 Na5 22. Bf1 Qd7 23. Ngh2 c4 24. Qe3 cxd3 25. Bxd3 Nbc4 26. Qe2 Bxd3 27. Rxd3 Qb5 28. Rb1 Nb3 29. Rdd1 Nc5 30. Nd4 Qb8 31. Ng4 Ne4 32. f3 Ng5 33. Kg2 Nh7 34. Qc2 Qa7 35. Ra1 Ra8 36. Nc6 Qb7 37. Nxe7 Qxe7 38. Ne3 Nb6 39. Qe2 Qc5 40. Nc2 Nc4 41. Na3 Rfb8 42. Nxc4 Qxc4 43. Rd2 Qc6 1/2-1/2

[Event "HUN-chT 9697"]
[Site "Hungary"]
[Date "1997.??.??"]
[Round "13"]
[White "Mann, Gerald"]
[Black "Horvath, Tamas"]
[Result "0-1"]
[WhiteElo "2320"]
[BlackElo "2410"]
[PlyCount "96"]
[EventDate "1996.??.??"]
[EventType "team"]
[EventRounds "12"]
[EventCountry "HUN"]
[SourceTitle "EXT 2006"]
[Source "ChessBase"]
[SourceDate "2005.11.24"]
[SourceVersion "1"]
[SourceVersionDate "2005.11.24"]
[SourceQuality "1"]
[WhiteTeam "DUTEP"]
[BlackTeam "Csuti"]
[WhiteTeamCountry "HUN"]
[BlackTeamCountry "HUN"]

1. d4 Nf6 2. c4 c5 3. d5 g6 4. Nc3 Bg7 5. e4 0-0 6. Be2 d6 7. Nf3 e6 8. 0-0 exd5 9. cxd5 Re8 10. Nd2 Na6 11. f3 Nc7 12. a4 b6 13. Nc4 Ba6 14. Rb1 Qe7 15. Kh1 Nd7 16. Bf4 Bxc4 17. Bxc4 a6 18. Qd2 Rab8 19. b4 g5 20. Bg3 Ne5 21. Be2 Ng6 22. Nd1 Bd4 23. Bf2 Qe5 24. Bxd4 cxd4 25. Nf2 h5 26. Bd3 Nf4 27. Rfc1 Re7 28. Bf1 b5 29. a5 Ne8 30. Rc6 Ra8 31. Rbc1 Kg7 32. Rd1 Raa7 33. g3 Ng6 34. Qxd4 Qxd4 35. Rxd4 Ne5 36. Rc3 Rec7 37. Rxc7 Rxc7 38. f4 gxf4 39. gxf4 Ng6 40. Nh3 Rc1 41. Kg2 Nf6 42. Bd3 Ng4 43. Kg3 Rc3 44. Kg2 Rb3 45. e5 Nh4+ 46. Kf1 Nf3 47. exd6 Nf6 48. Bc2 Rb2 0-1

[Event "HUN-chT 9697"]
[Site "Hungary"]
[Date "1997.??.??"]
[Round "8"]
[White "Mann, Gerald"]
[Black "Karolyi, Tibor Jr"]
[Result "1/2-1/2"]
[WhiteElo "2320"]
[BlackElo "2390"]
[PlyCount "23"]
[EventDate "1996.??.??"]
[EventType "team"]
[EventRounds "12"]
[EventCountry "HUN"]
[SourceTitle "EXT 2006"]
[Source "ChessBase"]
[SourceDate "2005.11.24"]
[SourceVersion "1"]
[SourceVersionDate "2005.11.24"]
[SourceQuality "1"]
[WhiteTeam "DUTEP"]
[BlackTeam "Miskolc"]
[WhiteTeamCountry "HUN"]
[BlackTeamCountry "HUN"]

1. c4 e5 2. d3 Bb4+ 3. Nd2 f5 4. a3 Be7 5. g3 Nf6 6. Bg2 0-0 7. b4 a5 8. Qa4 d6 9. Bb2 Bd7 10. Qb3 Bc6 11. Ndf3 b6 12. e3 1/2-1/2

[Event "Budapest Statisztika"]
[Site "Budapest"]
[Date "1997.??.??"]
[Round "2"]
[White "Mann, Gerald"]
[Black "Petran, Pal"]
[Result "0-1"]
[WhiteElo "2280"]
[BlackElo "2425"]
[PlyCount "54"]
[EventDate "1997.??.??"]
[EventType "tourn"]
[EventRounds "11"]
[EventCountry "HUN"]
[EventCategory "3"]
[SourceTitle "EXT 2001"]
[Source "ChessBase"]
[SourceDate "2000.11.22"]
[SourceVersion "1"]
[SourceVersionDate "2000.11.22"]
[SourceQuality "1"]

1. d4 Nf6 2. c4 e6 3. Nf3 b6 4. g3 Ba6 5. b3 Bb4+ 6. Bd2 Be7 7. Bg2 c6 8. Bc3 d5 9. Nbd2 Nbd7 10. 0-0 0-0 11. Re1 c5 12. e4 dxc4 13. Nxc4 Bb7 14. Nfe5 cxd4 15. Bxd4 Nc5 16. f3 Qc7 17. Qc2 Rfd8 18. Bc3 Rac8 19. Bf1 b5 20. Ba5 Qb8 21. Nxf7 Kxf7 22. e5 bxc4 23. exf6 Bxf6 24. Bxd8 Bxa1 25. Bxc4 Bd4+ 26. Kg2 Rxd8 27. Qxh7 Bd5 0-1

[Event "HUN-chT 9697"]
[Site "Hungary"]
[Date "1997.??.??"]
[Round "9"]
[White "Mann, Gerald"]
[Black "Sarosi, Zoltan"]
[Result "0-1"]
[WhiteElo "2320"]
[BlackElo "2355"]
[PlyCount "86"]
[EventDate "1996.??.??"]
[EventType "team"]
[EventRounds "12"]
[EventCountry "HUN"]
[SourceTitle "EXT 2006"]
[Source "ChessBase"]
[SourceDate "2005.11.24"]
[SourceVersion "1"]
[SourceVersionDate "2005.11.24"]
[SourceQuality "1"]
[WhiteTeam "DUTEP"]
[BlackTeam "Hajduszoboszlo"]
[WhiteTeamCountry "HUN"]
[BlackTeamCountry "HUN"]

1. c4 Nf6 2. Nf3 e6 3. g3 d5 4. b3 Be7 5. Bg2 a5 6. 0-0 a4 7. d4 axb3 8. Qxb3 0-0 9. Bb2 b6 10. Nbd2 Bb7 11. Rfc1 c5 12. e3 Nbd7 13. a4 Ra7 14. Ne5 cxd4 15. Nxd7 Nxd7 16. exd4 Bg5 17. Rc2 Bxd2 18. Rxd2 dxc4 19. Qxc4 Bxg2 20. Kxg2 Nf6 21. Rc2 Qd5+ 22. Kg1 Qxc4 23. Rxc4 Nd5 24. a5 Rxa5 25. Rxa5 bxa5 26. Ba3 Ra8 27. Kf1 g5 28. Ke2 Kg7 29. Kd3 Kg6 30. Ke4 Rb8 31. Bc1 a4 32. Ke5 Ra8 33. Ba3 Nf6 34. h3 Ra5+ 35. Kd6 Ne4+ 36. Kc6 Nxf2 37. Kb6 Ra8 38. Kb7 Rd8 39. h4 g4 40. Rxa4 Ne4 41. d5 exd5 42. Kc7 Re8 43. Rd4 Nf6 0-1

[Event "HUN-chT 9697"]
[Site "Hungary"]
[Date "1996.??.??"]
[Round "2"]
[White "Mann, Gerald"]
[Black "Cao, Sang"]
[Result "0-1"]
[WhiteElo "2320"]
[BlackElo "2455"]
[PlyCount "46"]
[EventDate "1996.??.??"]
[EventType "team"]
[EventRounds "12"]
[EventCountry "HUN"]
[SourceTitle "EXT 2006"]
[Source "ChessBase"]
[SourceDate "2005.11.24"]
[SourceVersion "1"]
[SourceVersionDate "2005.11.24"]
[SourceQuality "1"]
[WhiteTeam "DUTEP"]
[BlackTeam "Budapest MTK"]
[WhiteTeamCountry "HUN"]
[BlackTeamCountry "HUN"]

1. d4 Nf6 2. c4 e6 3. Nc3 Bb4 4. e3 c5 5. Nge2 b6 6. a3 Ba5 7. Rb1 Na6 8. f3 0-0 9. e4 d5 10. e5 Ne8 11. Be3 Nec7 12. Kf2 dxc4 13. Ne4 Nd5 14. dxc5 Nxe3 15. Kxe3 Nxc5 16. Qxd8 Rxd8 17. Nd6 b5 18. Nd4 Bb6 19. N4xb5 Nd3+ 20. Kd2 Nxe5 21. f4 Ng4 22. Kc3 Nf2 23. Rg1 a6 0-1